|
|
|
|
| LEADER |
00000nam0a2200000 4500 |
| 001 |
301592 |
| 005 |
20231102001421.0 |
| 020 |
|
|
|a RU
|b 83-12583
|
| 035 |
|
|
|a (RuTPU)RU\TPU\book\326768
|
| 090 |
|
|
|a 301592
|
| 100 |
|
|
|a 20150810g1982 m y0rusy5003 ca
|
| 101 |
0 |
|
|a rus
|
| 102 |
|
|
|a RU
|
| 105 |
|
|
|a a j 001zy
|
| 200 |
1 |
|
|a Электроэлементы РЭА и ЭВА
|e конспект лекций
|h Ч. 3
|f О. Н. Негоденко, М. Ф. Пономарев, Е. Т. Замков
|g Таганрогский радиотехнический институт (ТРТИ)
|
| 210 |
|
|
|a Таганрог
|c Изд-во ТРТИ
|d 1982
|
| 215 |
|
|
|a 52 с.
|c ил.
|
| 320 |
|
|
|a Библиогр.: с. 49-50
|
| 606 |
1 |
|
|a Радиоэлектронная аппаратура
|x Электропитание
|2 stltpush
|3 (RuTPU)RU\TPU\subj\23420
|9 48020
|
| 610 |
1 |
|
|a вычислительные машины электронные
|
| 610 |
1 |
|
|a РЭА
|
| 610 |
1 |
|
|a ЭВА
|
| 610 |
1 |
|
|a электроэлементы
|
| 610 |
1 |
|
|a запоминающие устройства
|
| 610 |
1 |
|
|a сердечники
|
| 610 |
1 |
|
|a нагрев
|
| 610 |
1 |
|
|a перемагничивание
|
| 610 |
1 |
|
|a проектирование
|
| 610 |
1 |
|
|a линии задержки
|
| 610 |
1 |
|
|a учебные пособия
|
| 675 |
|
|
|a 621.396.6:621.311.6(075.8)
|z rus
|v 3
|
| 700 |
|
1 |
|a Негоденко
|b О. Н.
|g Олег Николаевич
|4 070
|
| 701 |
|
1 |
|a Пономарев
|b М. Ф.
|g Михаил Федорович
|
| 701 |
|
1 |
|a Замков
|b Е. Т.
|g Евгений Терентьевич
|
| 712 |
0 |
2 |
|a Таганрогский радиотехнический институт (ТРТИ)
|c (1952-1993)
|2 stltpush
|3 (RuTPU)RU\TPU\col\12259
|
| 801 |
|
0 |
|a RU
|b RuMRKP
|c 19950704
|g psbo
|
| 801 |
|
1 |
|a RU
|b 63413507
|c 20150810
|
| 801 |
|
2 |
|a RU
|b 63413507
|c 20230216
|g RCR
|
| 942 |
|
|
|c BK
|